Valuations for leasehold enfranchisement (Record no. 6156)

MARC details
000 -LEADER
fixed length control field 00912cab a2200229 4500
001 - CONTROL NUMBER
control field ABS38288
008 - FIXED-LENGTH DATA ELEMENTS--GENERAL INFORMATION
fixed length control field 090401t1987 xxu||||| |||| 00| 0 eng d
035 ## - SYSTEM CONTROL NUMBER
System control number (Sirsi) u9791
041 ## - LANGUAGE CODE
Language code of text/sound track or separate title eng
100 ## - MAIN ENTRY--PERSONAL NAME
Personal name Cooper, P.J.
245 ## - TITLE STATEMENT
Title Valuations for leasehold enfranchisement
260 ## - PUBLICATION, DISTRIBUTION, ETC.
Date of publication, distribution, etc. 1987
350 ## - PRICE (NR) (BK AM CF MU VM SE) [OBSOLETE]
Price 0
490 ## - SERIES STATEMENT
Series statement Law Society`s Gazette
Volume/sequential designation 84(36) 7 October 1987, 2831-2832(2)
520 ## - SUMMARY, ETC.
Summary, etc. Gives guidance on carrying out valuation s for leasehold enfranchisement within the provisions of the Leasehold Reform Act 1967 and the Housing Act 1974 . Explains how to calculate the enfranchisement price which, in the case of "lower value houses" takes into account the modern ground rent . Illustrates with case law.
650 ## - SUBJECT ADDED ENTRY--TOPICAL TERM
Topical term or geographic name entry element DETERMINATION OF PRICE
650 ## - SUBJECT ADDED ENTRY--TOPICAL TERM
Topical term or geographic name entry element MARRIAGE VALUES
690 ## - LOCAL SUBJECT ADDED ENTRY--TOPICAL TERM (OCLC, RLIN)
Topical term or geographic name as entry element LANDLORD AND TENANT-LEASEHOLD REFORM
700 ## - ADDED ENTRY--PERSONAL NAME
Personal name Gronow, S.A.
942 ## - ADDED ENTRY ELEMENTS (KOHA)
Suppress in OPAC 0
948 ## - LOCAL PROCESSING INFORMATION (OCLC); SERIES PART DESIGNATOR (RLIN)
c (OCLC) 04/03/1997
Holdings
Withdrawn status Lost status Source of classification or shelving scheme Damaged status Not for loan Home library Current library Shelving location Date acquired Total Checkouts Full call number Barcode Date last seen Copy number Price effective from Koha item type
    Dewey Decimal Classification     London London Journal article 14/09/1999   ABS38288 9791-1001 06/08/2019 1 06/08/2019 Journal article